| 000 | 06702nam a22006377a 4500 | ||
|---|---|---|---|
| 005 | 20090122114429.0 | ||
| 010 | _aB-329234-257 B-454783 | ||
| 020 |
_a9788179931417 _c185.00 |
||
| 035 | _aB-329234-257 B-454783 | ||
| 035 | _aB-359217 | ||
| 037 | _bTERI | ||
| 037 | _bBlue Berry/Ven | ||
| 082 | _a333.72 | ||
| 100 |
_aAgarwal, Tanya Luther _946589 |
||
| 245 |
_aMission : _cby Tanya Luther Agarwal ; edited by Madhu Singh Sirohi; illustrated by Man Mohan, Rajesh Das and Yatindra Kumar _bconservation / |
||
| 260 |
_aNew Delhi _bThe Energy and Resources Institute, TERI Press _c2008 |
||
| 270 |
_aDarbari Seth Block, IHC Complex, Lodhi Road _bNew Delhi _e110003 _k24682100/41504900 _l24682144/24682145 _mteripress@teri.res.in |
||
| 300 |
_a47p.: _bcol. ill. _c28cm. (Hb) |
||
| 490 |
_aSave planet earth / edited by Pallavi Sah _946590 |
||
| 500 | _aIncludes glossary and index | ||
| 650 |
_aConservation of natural resources. _946591 |
||
| 700 |
_aSirohi, Madhu Singh _946592 |
||
| 700 |
_aMan Mohan _946593 |
||
| 700 |
_aDas, Rajesh _946594 |
||
| 700 |
_aYatindra kumar _946595 |
||
| 942 |
_2ddc _cCH _h333.72 _mAGA |
||
| 999 |
_c22301 _d22301 |
||